书目信息 |
| 题名: |
比较教育学
|
|
| 作者: | 卢晓中 著 | |
| 分册: | ||
| 出版信息: | 北京 人民教育出版社 2005.03 |
|
| 页数: | 23, 346页 | |
| 开本: | 21cm | |
| 丛书名: | 教育科学分支学科丛书 | |
| 单 册: | ||
| 中图分类: | G40-059.3 | |
| 科图分类: | ||
| 主题词: | 比较教育学--bi jiao jiao yu xue | |
| 电子资源: | ||
| ISBN: | 7-107-18121-1 | |
| 000 | 00921nam 2200265 450 | |
| 001 | 012008024839 | |
| 005 | 20080508103843.70 | |
| 010 | @a7-107-18121-1@dCNY23.30 | |
| 100 | @a20080508d2005 em y0chiy0120 ea | |
| 101 | 0 | @achi |
| 102 | @aCN@b110000 | |
| 105 | @ay a 000yy | |
| 106 | @ar | |
| 200 | 1 | @a比较教育学@Abi jiao jiao yu xue@f卢晓中著@Flu xiao zhong zhu |
| 210 | @a北京@c人民教育出版社@d2005.03 | |
| 215 | @a23, 346页@d21cm | |
| 225 | 2 | @a教育科学分支学科丛书@Ajiao yu ke xue fen zhi xue ke cong shu@h第二辑 |
| 320 | @a有书目 | |
| 330 | @a本书包括导论、比较教育学研究的理论与方法、国际教育、发展教育、当代比较教育学发展的时代趋向、当代中国比较教育学发展的问题七部分。 | |
| 410 | 0 | @12001 @a教育科学分支学科丛书 |
| 606 | 0 | @a比较教育学@Abi jiao jiao yu xue |
| 690 | @aG40-059.3@v4 | |
| 701 | 0 | @a卢晓中@Alu xiao zhong@4著 |
| 801 | 0 | @aCN@bQSSK@c20080508 |
| 905 | @b706620-21@dG40-059.3@eL794@f2 | |
| 比较教育学/卢晓中著.-北京:人民教育出版社,2005.03 |
| 23, 346页;21cm.-(教育科学分支学科丛书.第二辑) |
| ISBN 7-107-18121-1:CNY23.30 |
| 本书包括导论、比较教育学研究的理论与方法、国际教育、发展教育、当代比较教育学发展的时代趋向、当代中国比较教育学发展的问题七部分。 |
| ● |
| 相关链接 |
|
|
|
正题名:比较教育学
索取号:G40-059.3/L794
 
预约/预借
| 序号 | 登录号 | 条形码 | 馆藏地/架位号 | 状态 | 备注 |
| 1 | 706620 | 207066208 | 社科库409/409社科库 1排4列3层/ [索取号:G40-059.3/L794] | 在馆 | |
| 2 | 706621 | 207066217 | 社科库409/409社科库 1排4列3层/ [索取号:G40-059.3/L794] | 在馆 |